<?xml version="1.0" encoding="UTF-8"?>
<record
    xmlns:xsi="http://www.w3.org/2001/XMLSchema-instance"
    xsi:schemaLocation="http://www.loc.gov/MARC21/slim http://www.loc.gov/standards/marcxml/schema/MARC21slim.xsd"
    xmlns="http://www.loc.gov/MARC21/slim">

  <leader>05139cam a22006134i 4500</leader>
  <controlfield tag="003">PE-LiUPU</controlfield>
  <controlfield tag="005">20250731172845.0</controlfield>
  <controlfield tag="008">080317s2008    miu     rb    001 0 eng  </controlfield>
  <datafield tag="020" ind1=" " ind2=" ">
    <subfield code="a">0802837271</subfield>
    <subfield code="q">(Eerdmans)</subfield>
  </datafield>
  <datafield tag="020" ind1=" " ind2=" ">
    <subfield code="a">1844743411</subfield>
    <subfield code="q">(Apollos)</subfield>
  </datafield>
  <datafield tag="020" ind1=" " ind2=" ">
    <subfield code="a">9780802837271</subfield>
    <subfield code="q">(Eerdmans)</subfield>
  </datafield>
  <datafield tag="020" ind1=" " ind2=" ">
    <subfield code="a">9781844743414</subfield>
    <subfield code="q">(Apollos)</subfield>
  </datafield>
  <datafield tag="035" ind1=" " ind2=" ">
    <subfield code="a">(Sirsi) i9780802837271</subfield>
  </datafield>
  <datafield tag="040" ind1=" " ind2=" ">
    <subfield code="a">DLC</subfield>
    <subfield code="b">spa</subfield>
    <subfield code="c">DLC</subfield>
    <subfield code="d">BTCTA</subfield>
    <subfield code="d">BAKER</subfield>
    <subfield code="d">YDXCP</subfield>
    <subfield code="d">C#P</subfield>
    <subfield code="d">BWX</subfield>
    <subfield code="d">CDX</subfield>
    <subfield code="d">NNG</subfield>
    <subfield code="d">ITC</subfield>
    <subfield code="d">BWK</subfield>
    <subfield code="d">CPE</subfield>
    <subfield code="d">UKM</subfield>
    <subfield code="d">OCLCQ</subfield>
    <subfield code="d">SGB</subfield>
    <subfield code="d">BDX</subfield>
    <subfield code="d">OCLCA</subfield>
    <subfield code="d">OCLCQ</subfield>
    <subfield code="d">OCLCA</subfield>
    <subfield code="d">UKMGB</subfield>
    <subfield code="d">OCLCF</subfield>
    <subfield code="d">OCLCQ</subfield>
    <subfield code="d">OCLCA</subfield>
    <subfield code="d">OCLCQ</subfield>
    <subfield code="d">PE-LiUPU</subfield>
    <subfield code="e">rda</subfield>
  </datafield>
  <datafield tag="049" ind1=" " ind2=" ">
    <subfield code="a">PRUA</subfield>
  </datafield>
  <datafield tag="082" ind1="0" ind2="4">
    <subfield code="a">225.07</subfield>
    <subfield code="b">PNTC</subfield>
    <subfield code="2">20</subfield>
  </datafield>
  <datafield tag="100" ind1="1" ind2=" ">
    <subfield code="a">Moo, Douglas J.,</subfield>
    <subfield code="e">autor.</subfield>
  </datafield>
  <datafield tag="245" ind1="1" ind2="4">
    <subfield code="a">The letters to the Colossians and to Philemon /</subfield>
    <subfield code="c">Douglas J. Moo.</subfield>
  </datafield>
  <datafield tag="264" ind1=" " ind2=" ">
    <subfield code="a">Grand Rapids, Mich. :</subfield>
    <subfield code="b">William B. Eerdmans Pub. Co.,</subfield>
    <subfield code="c">&#xA9;2008.</subfield>
  </datafield>
  <datafield tag="300" ind1=" " ind2=" ">
    <subfield code="a">xvi, 471 p&#xE1;ginas ;</subfield>
    <subfield code="c">24 cent&#xED;metros.</subfield>
  </datafield>
  <datafield tag="336" ind1=" " ind2=" ">
    <subfield code="a">text</subfield>
    <subfield code="2">rdacontent</subfield>
  </datafield>
  <datafield tag="337" ind1=" " ind2=" ">
    <subfield code="a">unmediated</subfield>
    <subfield code="2">rdamedia</subfield>
  </datafield>
  <datafield tag="338" ind1=" " ind2=" ">
    <subfield code="a">volume</subfield>
    <subfield code="2">rdacarrier</subfield>
  </datafield>
  <datafield tag="490" ind1="0" ind2=" ">
    <subfield code="a">The Pillar New Testament commentary</subfield>
  </datafield>
  <datafield tag="504" ind1=" " ind2=" ">
    <subfield code="a">Bibliograf&#xED;a : p&#xE1;ginas 3-24.</subfield>
  </datafield>
  <datafield tag="504" ind1=" " ind2=" ">
    <subfield code="a">&#xCD;ndices: p&#xE1;ginas 443-469.</subfield>
  </datafield>
  <datafield tag="505" ind1="0" ind2=" ">
    <subfield code="a">Introduction to Colossians -- To whom was Colossians written? : Colossae and the Colossians -- Who wrote the letter? : authorship -- When was the letter written? : date and place of writing -- Why was Colossians written? : the false teaching -- What is Colossians teaching? : the theology of the letter -- Christ -- Cosmology and the powers -- The church -- The Gospel -- Eschatology -- The Christian life -- Commentary on Colossians -- The letter opening : "just as you have received Christ Jesus as lord ..." (1:1; 2:5) -- Prescript (1:1-2) -- The powerful Gospel of God's son (1:3-23) -- The evidence of the Gospel's power among the Colossians (Thanksgiving and prayer) (1:3-14) -- The heart of the Gospel : the supremacy of Christ in creation and redemption (1:15-20) -- The hope held out in the Gospel (1:21-23) -- The mystery of Christ in Paul's ministry and Christian experience (1:24-2:5) -- The letter body : " ... continue to live your lives in Him" (2:6-4:6) -- The heart of the matter : remaining centered on Christ (2:6-7) -- The threat to christocentric living : warning about false teachers (2:8-23) -- Spiritual fullness in christ (2:8-15) -- The empty promise of the false teaching (2:16-23) -- Living a christocentric life (3:1-4:1) -- Heavenly thinking (3:1-4) -- Putting off the practices of the "old self" (3:5-11) -- Putting on the practices of the "new self" (3:12-17) -- The Lordship of Christ in earthly relationships (3:18-4:1) -- Exhortation to prayer and Christian witness (4:2-6) -- The letter closing, greetings, plans, and instructions (4:7-18) -- The letter to Philemon -- Introduction to Philemon -- A basic profile : author, recipient, nature, and place of writing -- The situation behind the letter -- The purpose and significance of the letter -- Commentary on Philemon -- The letter opening (vv. 1-3) -- Thanksgiving : the "fellowship of faith" (vv. 4-7) -- The letter body : Paul's appeal concerning onesimus (vv. 8-20) -- The letter closing (vv. 21-25).</subfield>
  </datafield>
  <datafield tag="520" ind1=" " ind2=" ">
    <subfield code="a">Exhibiting the same brilliant exegesis and sound practical insight found in his previous works, noted commentator Douglas J. Moo in this new volume not only explains accurately the meaning of the letters to the Colossians and to Philemon but also applies that meaning powerfully to twenty-first-century readers. Moo both interacts with the Greek text of these letters and clearly explains the English text to a contemporary audience. Informed, evangelical, methodologically astute, and displaying a careful balance between good scholarship and pastoral concern -- earmarks of the Pillar New Testament Commentary series as a whole -- Moo's Letters to the Colossians and to Philemon will offer insights to a wide range of readers, from teachers and students, to pastors and parishioners, to scholars and laypersons. - Publisher.</subfield>
  </datafield>
  <datafield tag="526" ind1=" " ind2=" ">
    <subfield code="a">SEG42</subfield>
  </datafield>
  <datafield tag="526" ind1=" " ind2=" ">
    <subfield code="a">SEG41</subfield>
  </datafield>
  <datafield tag="526" ind1=" " ind2=" ">
    <subfield code="a">SEG40</subfield>
  </datafield>
  <datafield tag="526" ind1=" " ind2=" ">
    <subfield code="a">SEG39</subfield>
  </datafield>
  <datafield tag="526" ind1=" " ind2=" ">
    <subfield code="a">P94</subfield>
  </datafield>
  <datafield tag="526" ind1=" " ind2=" ">
    <subfield code="a">P87</subfield>
  </datafield>
  <datafield tag="526" ind1=" " ind2=" ">
    <subfield code="a">P86</subfield>
  </datafield>
  <datafield tag="526" ind1=" " ind2=" ">
    <subfield code="a">P85</subfield>
  </datafield>
  <datafield tag="526" ind1=" " ind2=" ">
    <subfield code="a">P77</subfield>
  </datafield>
  <datafield tag="526" ind1=" " ind2=" ">
    <subfield code="a">P76</subfield>
  </datafield>
  <datafield tag="526" ind1=" " ind2=" ">
    <subfield code="a">P35</subfield>
  </datafield>
  <datafield tag="630" ind1="0" ind2="0">
    <subfield code="a">Biblia.</subfield>
    <subfield code="p">Colosenses</subfield>
    <subfield code="v">Comentarios.</subfield>
  </datafield>
  <datafield tag="630" ind1="0" ind2="0">
    <subfield code="a">Biblia.</subfield>
    <subfield code="p">Filem&#xF3;n</subfield>
    <subfield code="v">Comentarios.</subfield>
  </datafield>
  <datafield tag="630" ind1="0" ind2="7">
    <subfield code="a">Biblia.</subfield>
    <subfield code="p">Colosenses.</subfield>
  </datafield>
  <datafield tag="630" ind1="0" ind2="7">
    <subfield code="a">Biblia.</subfield>
    <subfield code="p">Filemo&#xF3;n.</subfield>
  </datafield>
  <datafield tag="655" ind1=" " ind2="7">
    <subfield code="a">Comentarios.</subfield>
  </datafield>
  <datafield tag="856" ind1="4" ind2="1">
    <subfield code="3">Tabla de contenido</subfield>
    <subfield code="u">http://catdir.loc.gov/catdir/toc/ecip0814/2008011989.html</subfield>
  </datafield>
  <datafield tag="910" ind1=" " ind2=" ">
    <subfield code="a">jck</subfield>
    <subfield code="b">ebj</subfield>
    <subfield code="c">ebj</subfield>
    <subfield code="d">20160531</subfield>
  </datafield>
  <datafield tag="942" ind1=" " ind2=" ">
    <subfield code="2">ddc</subfield>
    <subfield code="c">BOOK</subfield>
  </datafield>
  <datafield tag="949" ind1=" " ind2=" ">
    <subfield code="a">225.07 PNTC 12</subfield>
    <subfield code="w">DEWEY</subfield>
    <subfield code="c">1</subfield>
    <subfield code="i">73352</subfield>
    <subfield code="l">CCODEBUL1</subfield>
    <subfield code="m">BUL</subfield>
    <subfield code="p">50.50</subfield>
    <subfield code="r">0</subfield>
    <subfield code="s">Y</subfield>
    <subfield code="t">BOOK</subfield>
    <subfield code="u">2016-5-31</subfield>
    <subfield code="x">TEOLOGIA</subfield>
    <subfield code="P">P85</subfield>
    <subfield code="0">COMPRA</subfield>
    <subfield code="o">.STAFF. Colecci&#xF3;n General Teolog&#xED;a</subfield>
  </datafield>
  <datafield tag="994" ind1=" " ind2=" ">
    <subfield code="a">C0</subfield>
    <subfield code="b">PEPRU</subfield>
  </datafield>
  <datafield tag="856" ind1="4" ind2="1">
    <subfield code="3">Tabla de contenido</subfield>
    <subfield code="u">http://catdir.loc.gov/catdir/toc/ecip0814/2008011989.html</subfield>
  </datafield>
  <datafield tag="596" ind1=" " ind2=" ">
    <subfield code="a">1</subfield>
  </datafield>
  <datafield tag="999" ind1=" " ind2=" ">
    <subfield code="a">225.07 PNTC 12</subfield>
    <subfield code="w">DEWEY</subfield>
    <subfield code="c">9641</subfield>
    <subfield code="i">73352</subfield>
    <subfield code="d">9641</subfield>
    <subfield code="e">2017-3-9</subfield>
    <subfield code="f">2021-11-9</subfield>
    <subfield code="g">5</subfield>
    <subfield code="l">CCODEBUL1</subfield>
    <subfield code="m">BUL</subfield>
    <subfield code="n">1</subfield>
    <subfield code="p">50.50</subfield>
    <subfield code="q">2</subfield>
    <subfield code="r">0</subfield>
    <subfield code="s">Y</subfield>
    <subfield code="t">BOOK</subfield>
    <subfield code="u">2016-5-31</subfield>
    <subfield code="x">TEOLOGIA</subfield>
    <subfield code="P">P85</subfield>
    <subfield code="0">COMPRA</subfield>
    <subfield code="o">.STAFF. Colecci&#xF3;n General Teolog&#xED;a</subfield>
  </datafield>
  <datafield tag="980" ind1=" " ind2=" ">
    <subfield code="8">1</subfield>
    <subfield code="g">ALBERTO SANCHEZ Responsable de Automatizaci&#xF3;n</subfield>
  </datafield>
  <datafield tag="952" ind1=" " ind2=" ">
    <subfield code="r">2025-12-02 00:00:00</subfield>
    <subfield code="i">6</subfield>
    <subfield code="l">1</subfield>
    <subfield code="o">225.07 PNTC 12</subfield>
    <subfield code="p">73352</subfield>
    <subfield code="s">2017-03-09</subfield>
    <subfield code="t">e1</subfield>
    <subfield code="v">55.50</subfield>
    <subfield code="w">2016-05-31</subfield>
    <subfield code="x">PG</subfield>
    <subfield code="y">BK</subfield>
    <subfield code="z">inventario-2023-12-13</subfield>
    <subfield code="1">0</subfield>
    <subfield code="2">ddc</subfield>
    <subfield code="5">0</subfield>
    <subfield code="7">0</subfield>
    <subfield code="8">GEN</subfield>
    <subfield code="f">P85</subfield>
    <subfield code="a">BUL</subfield>
    <subfield code="b">BUL</subfield>
    <subfield code="c">GEN</subfield>
    <subfield code="d">2016-05-31</subfield>
    <subfield code="e">COMPRA</subfield>
    <subfield code="g">50.50</subfield>
  </datafield>
</record>
